[Event "Campeonato de Aragon por Equipos 2024 - "]
[Site "?"]
[Date "2024.03.16"]
[Round "8.31"]
[White "Agustin De Dios, Adrian"]
[Black "Navarro Remon, Mario"]
[Result "0-1"]
[WhiteElo "1909"]
[BlackElo "1780"]
[PlyCount "124"]
[GameId "2166508138689095"]
[EventDate "2024.01.27"]
[WhiteTeam "Fraga"]
[BlackTeam "Teruel"]

1. e4 c5 2. Nc3 g6 3. d4 cxd4 4. Qxd4 Nf6 5. Bb5 a6 6. Ba4 b5 7. Bb3 Nc6 8. Qd3 Bg7 9. Nf3 Bb7 10. O-O O-O 11. h3 d6 12. a3 Nd7 13. Bd5 Nc5 14. Qe2 Qc7 15. Be3 e6 16. Bxc6 Qxc6 17. Bd4 Nxe4 18. Bxg7 Kxg7 19. Nxe4 Qxe4 20. Qd2 Bd5 21. Rfe1 Qf5 22. Re3 Rfc8 23. c3 Rab8 24. Rae1 Rc4 25. Nd4 Qg5 26. g3 Bb7 27. Qe2 e5 28. h4 Qf6 29. Nf3 Qf5 30. Kh2 h6 31. Ng1 g5 32. b3 Rc7 33. Nf3 Bc8 34. h5 Qh3+ 35. Kg1 Bb7 36. Qf1 Qxh5 37. Nh2 Rbc8 38. g4 Qg6 39. Rc1 h5 40. Qe2 Rh8 41. Rxe5 hxg4 42. f4 gxf3 43. Qe3 dxe5 44. Qxe5+ Qf6 45. Qxc7 f2+ 46. Kf1 Bc8 47. Qg3 Qf4 48. Qxf4 gxf4 49. Kg2 Bb7+ 50. Nf3 Kf6 51. Kxf2 Rh3 52. Ng1 Rh2+ 53. Ke1 f3 54. Kf1 Kf5 55. Rd1 Ke4 56. Rd7 Bd5 57. c4 bxc4 58. Nxf3 Kxf3 59. Kg1 Rg2+ 60. Kf1 Ra2 61. Ke1 Be6 62. Rd4 cxb3 0-1

[Event "Preferente Aragonesa 2024 - Grupo I"]
[Site "?"]
[Date "2024.03.16"]
[Round "8.32"]
[White "Gracia Suarez, Jesus"]
[Black "Abril Avellanas, Eduardo"]
[Result "0-1"]
[WhiteElo "2057"]
[BlackElo "2167"]
[PlyCount "54"]
[GameId "2166508138725960"]
[EventDate "2024.01.27"]
[WhiteTeam "San Jose"]
[BlackTeam "Atletismo Huesca"]

1. Nc3 c5 2. e4 d6 3. Nf3 a6 4. d4 cxd4 5. Nxd4 Nf6 6. f3 e6 7. Be3 Be7 8. Qd2 Nbd7 9. O-O-O h5 10. Bc4 Ne5 11. Bb3 Qc7 12. Kb1 Bd7 13. Qe2 b5 14. a3 Rb8 15. f4 Nc4 16. Bxc4 bxc4 17. Ka2 Bc6 18. Bc1 Ba8 19. f5 e5 20. Nf3 Qc5 21. Be3 Qa5 22. h3 O-O 23. Ng5 d5 24. Nb1 Rxb2+ 25. Kxb2 Rb8+ 26. Kc1 c3 27. Rxd5 Bxa3+ 0-1

[Event "Preferente Aragonesa 2024 - Grupo I"]
[Site "?"]
[Date "2024.03.16"]
[Round "8.33"]
[White "Luis Vitalla, Fernando"]
[Black "Gutierrez Mingueza, Ruben"]
[Result "1/2-1/2"]
[WhiteElo "2097"]
[BlackElo "2003"]
[PlyCount "61"]
[GameId "2166508138758729"]
[EventDate "2024.01.27"]
[WhiteTeam "Atletismo Huesca"]
[BlackTeam "San Jose"]

1. d4 Nf6 2. Bf4 e6 3. Nf3 d5 4. e3 Bd6 5. Ne5 O-O 6. Nd2 c5 7. c3 b6 8. Bd3 Ba6 9. Ndf3 Bxd3 10. Qxd3 Qc7 11. O-O Nc6 12. Nxc6 Qxc6 13. Ne5 Qc7 14. Bg3 Nd7 15. Nxd7 Qxd7 16. dxc5 Bxg3 17. hxg3 bxc5 18. Rfd1 Rab8 19. Qc2 e5 20. Rd2 Rb6 21. Rad1 Rd6 22. Qb3 Rd8 23. Qa3 Qc7 24. b4 cxb4 25. cxb4 d4 26. exd4 exd4 27. Rc1 Rc6 28. Rxc6 Qxc6 29. Qd3 Qd6 30. Qc4 d3 31. a3 1/2-1/2

[Event "Preferente Aragonesa 2024 - Grupo I"]
[Site "?"]
[Date "2024.03.16"]
[Round "8.34"]
[White "Palomar Ramon, Santiago"]
[Black "Salamero Pelay, Fernando"]
[Result "0-1"]
[WhiteElo "1879"]
[BlackElo "2043"]
[PlyCount "125"]
[GameId "2166508138795594"]
[EventDate "2024.01.27"]
[WhiteTeam "San Jose"]
[BlackTeam "Atletismo Huesca"]

1. e4 g6 2. Nf3 Bg7 3. Nc3 d6 4. h3 a6 5. d4 e6 6. Bg5 Ne7 7. Qd2 h6 8. Bxe7 Qxe7 9. Be2 Nd7 10. Nd1 b6 11. O-O O-O 12. Ne3 Bb7 13. Qd3 Rae8 14. c3 e5 15. d5 f5 16. Nd2 Qf7 17. f3 Qf6 18. g4 Nc5 19. Qc2 Qg5 20. Ng2 fxg4 21. fxg4 Bc8 22. b4 Nd7 23. Nf3 Qe7 24. Nfh4 Kh7 25. Qd3 Bf6 26. Qg3 Bg5 27. Rf3 Rf4 28. Raf1 Ref8 29. R3f2 Rxf2 30. Rxf2 Rxf2 31. Qxf2 Qf6 32. Nf3 Bf4 33. Nge1 Kg7 34. Kg2 Nf8 35. Nd3 Nh7 36. Nxf4 Qxf4 37. Bd3 Nf6 38. Nh2 Qg5 39. Nf3 Qf4 40. Nh2 Qc1 41. c4 h5 42. Qe2 Qf4 43. Qf2 hxg4 44. hxg4 Qxh2+ 45. Kxh2 Nxg4+ 46. Kg3 Nxf2 47. Kxf2 Bg4 48. Kg3 Bd1 49. a3 Kf6 50. Kh4 a5 51. bxa5 bxa5 52. Kg3 Kg5 53. Bf1 Bc2 54. Kf3 Kh4 55. Be2 g5 56. Bf1 g4+ 57. Ke3 Kg3 58. Be2 Bb3 59. Bf1 Bd1 60. Bd3 Kg2 61. Kd2 Kf2 62. Kxd1 g3 63. c5 0-1

[Event "Preferente Aragonesa 2024 - Grupo I"]
[Site "?"]
[Date "2024.03.16"]
[Round "8.35"]
[White "Bellosta Lopez, Pablo"]
[Black "Ferreruela Romero, Jose Joaquin"]
[Result "0-1"]
[WhiteElo "1996"]
[BlackElo "1859"]
[PlyCount "80"]
[GameId "2166508138971723"]
[EventDate "2024.01.27"]
[WhiteTeam "Atletismo Huesca"]
[BlackTeam "San Jose"]

1. e4 c5 2. Nf3 Nc6 3. Bb5 e5 4. Bxc6 dxc6 5. h3 Ne7 6. d3 Ng6 7. Nc3 Be7 8. a4 Be6 9. b3 O-O 10. O-O Qd7 11. Ne2 b5 12. Be3 Rad8 13. Qd2 f5 14. Qc3 fxe4 15. Ng5 b4 16. Qb2 exd3 17. cxd3 Nf4 18. Ne4 Qxd3 19. N2g3 Qxb3 20. Qxe5 Nd3 21. Qh5 Bf7 22. Qg4 Qe6 23. Nf5 g6 24. Nxe7+ Qxe7 25. Bg5 Qe6 26. Qh4 Rd4 27. f3 Be8 28. Be3 Rd5 29. Rfd1 c4 30. Bxa7 c5 31. Rxd3 cxd3 32. Bxc5 Rxc5 33. Nxc5 Qe5 34. Rc1 d2 35. Rd1 Qxc5+ 36. Kh2 Qd6+ 37. g3 Qd3 38. Qe7 b3 39. Qe4 Qxe4 40. fxe4 b2 0-1

[Event "Preferente Aragonesa 2024 - Grupo I"]
[Site "?"]
[Date "2024.03.16"]
[Round "8.40"]
[White "Llorente Zaro, Alfonso"]
[Black "Labrador Postigo, Francisco M."]
[Result "1-0"]
[WhiteElo "2433"]
[BlackElo "1799"]
[PlyCount "65"]
[GameId "2166508139180624"]
[EventDate "2024.01.27"]
[WhiteTeam "Agrupacion A"]
[BlackTeam "El Olivar C"]

1. c4 e6 2. Nf3 d5 3. d4 h6 4. Nc3 Nf6 5. Bf4 Be7 6. e3 O-O 7. h3 Nbd7 8. Rc1 dxc4 9. Bxc4 a6 10. a4 c5 11. O-O Nb6 12. Bb3 cxd4 13. Nxd4 Nbd5 14. Be5 Qa5 15. Bxd5 Nxd5 16. Qf3 Bf6 17. Qg3 Qb6 18. Nxd5 exd5 19. a5 Bxe5 20. axb6 Bxg3 21. fxg3 Be6 22. Rc7 Rab8 23. g4 Bc8 24. Kh2 Ra8 25. Kg3 a5 26. h4 f6 27. Rfc1 Re8 28. Kf3 a4 29. R1c3 g6 30. Kg3 h5 31. gxh5 gxh5 32. Nb5 Rb8 33. Nd6 1-0

[Event "Preferente Aragonesa 2024 - Grupo I"]
[Site "?"]
[Date "2024.03.16"]
[Round "8.41"]
[White "De La Riva Fernandez, Eduardo"]
[Black "Remiro Juste, Fernando Jose"]
[Result "0-1"]
[WhiteElo "1743"]
[BlackElo "2221"]
[PlyCount "122"]
[GameId "2166508139225681"]
[EventDate "2024.01.27"]
[WhiteTeam "El Olivar C"]
[BlackTeam "Agrupacion A"]

1. e4 c5 2. Nf3 Nc6 3. d4 cxd4 4. Nxd4 e5 5. Nb5 d6 6. c4 Be6 7. N1c3 a6 8. Na3 g6 9. Nc2 Bg7 10. Be3 Nf6 11. Be2 O-O 12. O-O Rc8 13. Qd2 Na5 14. b3 b5 15. cxb5 axb5 16. Rac1 Rxc3 17. Qxc3 Nxe4 18. Qb4 d5 19. Bxb5 d4 20. Bd2 Nb7 21. Bc6 Nxd2 22. Qxd2 Nd6 23. Rfe1 Qb6 24. Nb4 Nf5 25. Bd5 Bh6 26. Qe2 Bxc1 27. Bxe6 fxe6 28. Nd3 Bf4 29. g3 Bh6 30. Nxe5 Re8 31. Qc4 Bg7 32. Nd7 Qd6 33. Nc5 h6 34. b4 Kh8 35. a4 d3 36. Nxd3 Nd4 37. Re3 e5 38. Nc5 Rf8 39. b5 Rc8 40. Ne4 Rxc4 41. Nxd6 Rxa4 42. b6 Rb4 43. b7 Bf8 44. Nf7+ Kg7 45. Nxe5 Rxb7 46. Rd3 Bc5 47. Kg2 Re7 48. Nf3 Nxf3 49. Rxf3 Rf7 50. h4 Rxf3 51. Kxf3 Kf6 52. g4 Ke5 53. Kg3 Ke4 54. f3+ Ke3 55. h5 Bd6+ 56. Kh3 g5 57. Kg2 Bb4 58. Kg3 Be1+ 59. Kg2 Bh4 60. f4 gxf4 61. Kh3 Bg5 0-1

[Event "Preferente Aragonesa 2024 - Grupo I"]
[Site "?"]
[Date "2024.03.16"]
[Round "8.42"]
[White "Roque Sola, Gisela"]
[Black "Machin Torcal, Eduardo"]
[Result "1-0"]
[WhiteElo "2069"]
[BlackElo "1636"]
[PlyCount "55"]
[GameId "2166508139262546"]
[EventDate "2024.01.27"]
[WhiteTeam "Agrupacion A"]
[BlackTeam "El Olivar C"]

1. c4 c5 2. Nc3 Nc6 3. Nf3 g6 4. g3 Bg7 5. Bg2 Nf6 6. O-O O-O 7. a3 b6 8. Rb1 Bb7 9. b4 cxb4 10. axb4 Qc8 11. d3 Nd8 12. Bb2 d6 13. e4 Nd7 14. Nd5 Re8 15. Bxg7 Kxg7 16. Qd2 Nf8 17. Ra1 Nde6 18. Ra3 Nc7 19. b5 Nxd5 20. cxd5 a5 21. bxa6 Rxa6 22. Rc3 Qd7 23. Rfc1 Rc8 24. Rxc8 Bxc8 25. Qc3+ Kg8 26. Qxc8 Qb5 27. Ng5 h6 28. Nh7 1-0

[Event "Preferente Aragonesa 2024 - Grupo I"]
[Site "?"]
[Date "2024.03.16"]
[Round "8.43"]
[White "Marco Garcia, Francho"]
[Black "Barros Gutierrez, Angel Luis"]
[Result "0-1"]
[WhiteElo "1631"]
[BlackElo "1991"]
[PlyCount "120"]
[GameId "2166508139299411"]
[EventDate "2024.01.27"]
[WhiteTeam "El Olivar C"]
[BlackTeam "Agrupacion A"]

1. e4 c5 2. c3 Nf6 3. e5 Nd5 4. d4 cxd4 5. Nf3 Nc6 6. Bc4 Nb6 7. Bb3 d5 8. exd6 Qxd6 9. Nxd4 Nxd4 10. Qxd4 Qxd4 11. cxd4 e6 12. Nc3 Bd7 13. d5 exd5 14. Nxd5 Nxd5 15. Bxd5 Bb4+ 16. Bd2 Bxd2+ 17. Kxd2 O-O-O 18. Ke3 Rhe8+ 19. Kf3 Bb5 20. Be4 Bd3 21. Rhe1 Rxe4 22. Rxe4 Bxe4+ 23. Kxe4 Rd2 24. Ke3 Rxb2 25. a4 Rb4 26. a5 Rb5 27. a6 b6 28. Kd4 Rc5 29. Ra3 Kd7 30. Rf3 f6 31. Rh3 h5 32. f4 Ra5 33. Rg3 g5 34. fxg5 fxg5 35. h4 g4 36. Ke4 Rxa6 37. Rd3+ Ke6 38. Rd8 Ra5 39. Rh8 Re5+ 40. Kd3 Kf6 41. Rh6+ Kg7 42. Rd6 Ra5 43. Rc6 Kf7 44. Rh6 Ke7 45. Rc6 Kd7 46. Rh6 Kc7 47. Rh7+ Kc6 48. Rh6+ Kb7 49. Rh8 Re5 50. Kc3 a5 51. Rh7+ Ka6 52. Rh6 Kb5 53. Rh8 Kc5 54. Rc8+ Kd5 55. Rd8+ Ke4 56. Rd4+ Ke3 57. Rd1 Rc5+ 58. Kb3 Kf2 59. Rd2+ Kg3 60. Rd3+ Kxg2 0-1

[Event "Preferente Aragonesa 2024 - Grupo I"]
[Site "?"]
[Date "2024.03.16"]
[Round "8.44"]
[White "Carrasquer Alonso, Luis"]
[Black "Garcia Alriols, Jesus"]
[Result "1/2-1/2"]
[WhiteElo "1816"]
[BlackElo "1782"]
[PlyCount "84"]
[GameId "2166508139389524"]
[EventDate "2024.01.27"]
[WhiteTeam "Jaque - Aramovil B"]
[BlackTeam "Binefar"]

1. d4 d5 2. c4 Nf6 3. Nf3 e6 4. Bg5 Be7 5. e3 Nbd7 6. Bd3 dxc4 7. Bxc4 a6 8. O-O b5 9. Bd3 Bb7 10. Nbd2 c5 11. Rc1 Rc8 12. Bb1 h6 13. Bh4 O-O 14. Nb3 Ne4 15. Bxe7 Qxe7 16. Qe2 Rfd8 17. Rfd1 c4 18. Nbd2 Ndf6 19. Nxe4 Nxe4 20. Nd2 Nf6 21. a3 Nd5 22. Ne4 c3 23. Nc5 cxb2 24. Qxb2 Ba8 25. Be4 Qd6 26. Bf3 Rc7 27. Ne4 Qb6 28. Rc5 Rdc8 29. Rdc1 Bb7 30. h3 Kf8 31. Rxc7 Rxc7 32. Rxc7 Qxc7 33. Nc5 Bc8 34. Qc2 Qa5 35. Qh7 Nf6 36. Qh8+ Ng8 37. Be4 Qe1+ 38. Kh2 f5 39. Bc6 Qxf2 40. Bd7 Bxd7 41. Nxd7+ Kf7 42. Ne5+ Kf8 1/2-1/2

[Event "Preferente Aragonesa 2024 - Grupo I"]
[Site "?"]
[Date "2024.03.16"]
[Round "8.45"]
[White "Bonet Herbera, Isabel"]
[Black "Montoro Mavilla, Sergio"]
[Result "1/2-1/2"]
[WhiteElo "1780"]
[BlackElo "1787"]
[PlyCount "117"]
[GameId "2166508139430485"]
[EventDate "2024.01.27"]
[WhiteTeam "Binefar"]
[BlackTeam "Jaque - Aramovil B"]

1. e4 e5 2. Nf3 Nc6 3. d4 exd4 4. Nxd4 Bc5 5. Nb3 Bb6 6. Nc3 Nge7 7. Qe2 d6 8. Be3 Be6 9. O-O-O Qd7 10. h3 O-O-O 11. f4 f6 12. g4 Qe8 13. Bg2 Bxe3+ 14. Qxe3 h5 15. Nb5 hxg4 16. Nxa7+ Kb8 17. Nb5 gxh3 18. Bxh3 Bxh3 19. Rxh3 Rxh3 20. Qxh3 Qh8 21. Qe3 Qh5 22. a4 Re8 23. Na5 Qc5 24. Qxc5 dxc5 25. Nxc6+ Nxc6 26. Nc3 Nd4 27. Rh1 c6 28. Rh2 Kc7 29. Rh7 Re7 30. b3 Kd6 31. Rh5 b6 32. Kd2 b5 33. axb5 cxb5 34. Kd3 Ra7 35. b4 cxb4 36. Kxd4 bxc3 37. Rxb5 Rc7 38. Ra5 g6 39. Ra6+ Ke7 40. e5 fxe5+ 41. Kxe5 Rc5+ 42. Kd4 Rf5 43. Rxg6 Rxf4+ 44. Kxc3 Kd7 45. Kb3 Kc7 46. c4 Rf5 47. Kb4 Rh5 48. Re6 Rg5 49. Ra6 Rh5 50. Ra5 Rxa5 51. Kxa5 Kc6 52. Kb4 Kb6 53. c5+ Kc7 54. Kb5 Kb7 55. c6+ Kc8 56. Kc5 Kc7 57. Kd5 Kc8 58. Kd6 Kd8 59. c7+ 1/2-1/2

[Event "Preferente Aragonesa 2024 - Grupo I"]
[Site "?"]
[Date "2024.03.16"]
[Round "8.46"]
[White "Castillo Pla, Emilio"]
[Black "Perales Boal, Ivan"]
[Result "1-0"]
[WhiteElo "1701"]
[BlackElo "1631"]
[PlyCount "51"]
[GameId "2166508139463254"]
[EventDate "2024.01.27"]
[WhiteTeam "Jaque - Aramovil B"]
[BlackTeam "Binefar"]

1. e4 c5 2. Nf3 d6 3. Nc3 Nf6 4. Bc4 Nc6 5. O-O Bg4 6. h3 Bh5 7. g4 Bg6 8. Re1 a6 9. a4 e6 10. d4 cxd4 11. Nxd4 Rc8 12. Bb3 Be7 13. Bxe6 fxe6 14. Nxe6 Qd7 15. Nxg7+ Kf7 16. Nf5 Bxf5 17. gxf5 d5 18. Nxd5 Rhg8+ 19. Kf1 Nxd5 20. Qh5+ Kg7 21. exd5 Qxd5 22. f6+ Bxf6 23. Bh6+ Kh8 24. Qxd5 Nd4 25. c3 Nc2 26. Qf5 1-0

[Event "Preferente Aragonesa 2024 - Grupo I"]
[Site "?"]
[Date "2024.03.16"]
[Round "8.47"]
[White "Quintilla Alonso, Nicolas"]
[Black "Abadias Banzo, Javier"]
[Result "1-0"]
[WhiteElo "1569"]
[BlackElo "1454"]
[PlyCount "123"]
[GameId "2166508139500119"]
[EventDate "2024.01.27"]
[WhiteTeam "Binefar"]
[BlackTeam "Jaque - Aramovil B"]

1. e4 b6 2. d4 Bb7 3. Bd3 e6 4. Nf3 Ne7 5. O-O Ng6 6. Bg5 Be7 7. Bxe7 Qxe7 8. c3 O-O 9. Nbd2 d6 10. Re1 e5 11. Nf1 Nc6 12. Ng3 Qd7 13. a3 Nce7 14. Bc4 Rad8 15. Ba2 h6 16. h3 Kh7 17. Bb1 f6 18. Nf5 Nxf5 19. exf5 Ne7 20. Nh4 Kh8 21. Qg4 a5 22. Ba2 g5 23. Qh5 Nxf5 24. Ng6+ Kg7 25. Nxf8 Rxf8 26. dxe5 fxe5 27. Rad1 Qb5 28. Qe2 Qc5 29. Qc4 Qxc4 30. Bxc4 Nh4 31. Bd5 c6 32. Be6 c5 33. Bd5 Bc8 34. Be4 Rf6 35. Rd2 Kf7 36. Red1 Ke7 37. b4 axb4 38. axb4 Ng6 39. Bxg6 Rxg6 40. Ra1 b5 41. bxc5 dxc5 42. Rd5 Rc6 43. Rxe5+ Kf6 44. Re2 Be6 45. f3 b4 46. cxb4 cxb4 47. Kf2 b3 48. Ke3 Bf5 49. Rb2 Bc2 50. Ra3 Re6+ 51. Kd4 Re2 52. Raxb3 Bxb3 53. Rxe2 Kf5 54. Ke3 h5 55. Rb2 Be6 56. Rb5+ Kf6 57. Ke4 h4 58. Rb6 Kf7 59. Ke5 Bc8 60. Rc6 Bd7 61. Rc7 Ke7 62. Rxd7+ 1-0

[Event "Preferente Aragonesa 2024 - Grupo II"]
[Site "?"]
[Date "2024.03.16"]
[Round "8.48"]
[White "Cabrera Moreno, Daniel"]
[Black "Neila Castillo, Miguel Angel"]
[Result "0-1"]
[WhiteElo "2157"]
[BlackElo "2140"]
[PlyCount "114"]
[GameId "2166508139536984"]
[EventDate "2024.01.27"]
[WhiteTeam "Tauste"]
[BlackTeam "Maristas"]

1. d4 Nf6 2. Bg5 Ne4 3. Bf4 c5 4. f3 Qa5+ 5. c3 Nf6 6. d5 e6 7. e4 exd5 8. exd5 d6 9. Qe2+ Be7 10. Bxd6 Nxd5 11. Qb5+ Qxb5 12. Bxb5+ Bd7 13. Bxd7+ Nxd7 14. Bxe7 Kxe7 15. Nd2 Rhe8 16. Ne2 Kf8 17. Ne4 f5 18. O-O-O fxe4 19. Rxd5 exf3 20. Rxd7 fxg2 21. Rg1 Rxe2 22. Rd2 Rae8 23. Rxg2 Rxg2 24. Rxg2 g6 25. Kd2 Kg7 26. Kd3 b6 27. Kc4 h6 28. a4 g5 29. a5 Kg6 30. axb6 axb6 31. Kb5 Re6 32. Kc4 Rf6 33. Kd5 Kh5 34. b4 cxb4 35. cxb4 Kh4 36. b5 Kh3 37. Rc2 h5 38. Rc6 Rf5+ 39. Kc4 Kxh2 40. Rxb6 g4 41. Rg6 g3 42. b6 g2 43. b7 Rf8 44. Rh6 Kg3 45. Rxh5 Kg4 46. Rh7 Rg8 47. Rg7+ Rxg7 48. b8=Q g1=Q 49. Qc8+ Kg5 50. Qd8+ Kg6 51. Qe8+ Kh6 52. Qh8+ Rh7 53. Qf6+ Qg6 54. Qh4+ Kg7 55. Qd4+ Kf8 56. Qd8+ Qe8 57. Qd6+ Kg8 0-1

[Event "Preferente Aragonesa 2024 - Grupo II"]
[Site "?"]
[Date "2024.03.16"]
[Round "8.49"]
[White "Naya Sancho, Jose Ignacio"]
[Black "Fernandez Rubio, Rafael"]
[Result "0-1"]
[WhiteElo "2102"]
[BlackElo "2033"]
[PlyCount "64"]
[GameId "2166508139573849"]
[EventDate "2024.01.27"]
[WhiteTeam "Maristas"]
[BlackTeam "Tauste"]

1. d4 d6 2. Nf3 Nf6 3. c4 g6 4. Nc3 Bg7 5. e4 O-O 6. Be2 Nbd7 7. O-O e5 8. Re1 a5 9. Bf1 Re8 10. d5 h6 11. Rb1 Nh7 12. a3 f5 13. b4 f4 14. Na4 axb4 15. axb4 g5 16. Nd2 Ndf6 17. c5 g4 18. Nc4 Ng5 19. cxd6 cxd6 20. Nab6 Rb8 21. Bd3 h5 22. Nxc8 Rxc8 23. Qa4 h4 24. Qa5 Qe7 25. b5 h3 26. Ba3 Rxc4 27. Bxc4 hxg2 28. Kxg2 Bf8 29. Rh1 Qh7 30. Rb3 Qxe4+ 31. Kg1 Nh3+ 32. Rxh3 gxh3 0-1

[Event "Preferente Aragonesa 2024 - Grupo II"]
[Site "?"]
[Date "2024.03.16"]
[Round "8.50"]
[White "Carbonel Sanchez, Andres"]
[Black "Naya Sancho, Juan Manuel"]
[Result "1/2-1/2"]
[WhiteElo "1970"]
[BlackElo "1820"]
[PlyCount "97"]
[GameId "2166508139610714"]
[EventDate "2024.01.27"]
[WhiteTeam "Tauste"]
[BlackTeam "Maristas"]

1. e4 d5 2. Nc3 Nf6 3. exd5 Nxd5 4. d4 c6 5. Bd3 Nb4 6. Be4 g6 7. a3 Nd5 8. Nf3 Bg7 9. h3 Be6 10. O-O O-O 11. Re1 Qc7 12. Ng5 Nxc3 13. Nxe6 fxe6 14. bxc3 Nd7 15. Qg4 e5 16. Bg5 Rf7 17. d5 Nc5 18. dxc6 Nxe4 19. cxb7 Rb8 20. Rxe4 Rxb7 21. Rc4 Qd7 22. Rc8+ Rf8 23. Qc4+ e6 24. Rxf8+ Bxf8 25. Re1 Bxa3 26. Re3 Bd6 27. Qe4 Rb1+ 28. Kh2 Qb7 29. Qg4 e4+ 30. g3 Qf7 31. Kg2 Bc5 32. Re2 h5 33. Qf4 Qxf4 34. Bxf4 Kf7 35. Rxe4 Rb2 36. Be3 Bxe3 37. Rxe3 Rxc2 38. Kf1 a5 39. Ke1 a4 40. Rf3+ Ke7 41. Kd1 Rb2 42. Kc1 Re2 43. c4 Kd6 44. Ra3 Rxf2 45. Rxa4 Rf3 46. g4 Rxh3 47. gxh5 Rxh5 48. Kd2 Rh3 49. Ra5 1/2-1/2

[Event "Preferente Aragonesa 2024 - Grupo II"]
[Site "?"]
[Date "2024.03.16"]
[Round "8.52"]
[White "Lacamara Pasamar, Miguel"]
[Black "Garcia Monterde, Francisco Jose"]
[Result "1-0"]
[WhiteElo "1887"]
[BlackElo "1826"]
[PlyCount "45"]
[GameId "2166508139717212"]
[EventDate "2024.01.27"]
[WhiteTeam "Helios B"]
[BlackTeam "Iberajedrez Mundo 64 B"]

1. d4 Nf6 2. c4 e6 3. Nc3 Bb4 4. e3 d5 5. Nge2 O-O 6. a3 Be7 7. cxd5 exd5 8. Qc2 c6 9. Bd2 a5 10. Ng3 b5 11. Bd3 Ba6 12. Nf5 Ra7 13. Ne2 g6 14. Nxe7+ Rxe7 15. f3 Rfe8 16. O-O Kg7 17. Ng3 Qb6 18. b4 h5 19. Qb2 Rd8 20. e4 dxe4 21. fxe4 Rxd4 22. Be3 Red7 23. Ne2 1-0

[Event "Preferente Aragonesa 2024 - Grupo II"]
[Site "?"]
[Date "2024.03.16"]
[Round "8.54"]
[White "Anson Casaos, Alejandro"]
[Black "Martinez Sanz, Pablo"]
[Result "0-1"]
[WhiteElo "1794"]
[BlackElo "1728"]
[PlyCount "52"]
[GameId "2166508139848286"]
[EventDate "2024.01.27"]
[WhiteTeam "Helios B"]
[BlackTeam "Iberajedrez Mundo 64 B"]

1. c4 e6 2. Nc3 d5 3. e3 Nf6 4. Nf3 Be7 5. b3 b6 6. Bb2 Bb7 7. Be2 O-O 8. O-O c5 9. cxd5 Nxd5 10. Nxd5 Bxd5 11. Qc2 Nc6 12. Rac1 Bf6 13. Rfd1 Rc8 14. Qb1 e5 15. d3 a5 16. Nd2 Ra8 17. Ne4 Be7 18. Nc3 Be6 19. Bf3 Rc8 20. Na4 Bd6 21. Bxc6 Rxc6 22. d4 exd4 23. exd4 Qg5 24. Qd3 Bf4 25. Ra1 Bd5 26. Qf1 Rh6 0-1

[Event "Preferente Aragonesa 2024 - Grupo II"]
[Site "?"]
[Date "2024.03.16"]
[Round "8.55"]
[White "Barranco Castillo, Jose Antonio"]
[Black "Moreno Burillo, Maria"]
[Result "1-0"]
[WhiteElo "1653"]
[BlackElo "1536"]
[PlyCount "79"]
[GameId "2166508139885151"]
[EventDate "2024.01.27"]
[WhiteTeam "Iberajedrez Mundo 64 B"]
[BlackTeam "Helios B"]

1. c4 Nf6 2. Nc3 e6 3. e4 d6 4. g3 c5 5. Bg2 Nc6 6. Nge2 g6 7. O-O Bg7 8. d3 O-O 9. h3 a6 10. Be3 Rb8 11. Qd2 b5 12. Rad1 Qc7 13. b3 Rd8 14. Bh6 Ne7 15. Bxg7 Kxg7 16. f4 d5 17. e5 Ne8 18. Qc1 dxc4 19. dxc4 Bb7 20. Ne4 Nf5 21. cxb5 Bxe4 22. Bxe4 axb5 23. g4 Nd4 24. Qe3 Qb6 25. Kh1 Nc7 26. f5 exf5 27. gxf5 Nxf5 28. Rxd8 Rxd8 29. Bxf5 gxf5 30. Qg5+ Qg6 31. Qxd8 Ne6 32. Qh4 Ng5 33. Qxg5 Qxg5 34. Rg1 Qxg1+ 35. Kxg1 Kf8 36. a4 bxa4 37. bxa4 Ke7 38. Kf2 Kd7 39. Ke3 Kc6 40. Kf4 1-0

[Event "Preferente Aragonesa 2024 - Grupo II"]
[Site "?"]
[Date "2024.03.16"]
[Round "8.57"]
[White "Pache Marconell, Juan"]
[Black "Veras Sanz, Marino"]
[Result "0-1"]
[WhiteElo "1807"]
[BlackElo "2009"]
[PlyCount "50"]
[GameId "2166508139962977"]
[EventDate "2024.01.27"]
[WhiteTeam "Teruel B"]
[BlackTeam "El Olivar B"]

1. e4 c5 2. Nf3 d6 3. d4 cxd4 4. Nxd4 Nf6 5. Nc3 g6 6. Be2 Bg7 7. Be3 O-O 8. O-O Nc6 9. h3 d5 10. Nxd5 Nxd5 11. exd5 Qxd5 12. Bf3 Qc4 13. Nxc6 bxc6 14. c3 Rb8 15. Qc1 a5 16. Re1 Qb5 17. Re2 Be6 18. Bf4 Rb7 19. a4 Qc4 20. Ra3 Bd5 21. Qe3 Bxf3 22. Qxf3 e5 23. Bd2 Rxb2 24. Qe3 Rd8 25. Ra1 Rd3 0-1

[Event "Preferente Aragonesa 2024 - Grupo II"]
[Site "?"]
[Date "2024.03.16"]
[Round "8.58"]
[White "Gracia Campo, Carlos Alberto"]
[Black "Abancens Fernandez, Bernardo"]
[Result "1-0"]
[WhiteElo "2007"]
[BlackElo "1799"]
[PlyCount "63"]
[GameId "2166508139995746"]
[EventDate "2024.01.27"]
[WhiteTeam "El Olivar B"]
[BlackTeam "Teruel B"]

1. e4 c5 2. Nf3 Nc6 3. d4 cxd4 4. Nxd4 Nf6 5. Nc3 e5 6. Ndb5 d6 7. Bg5 a6 8. Na3 b5 9. Nd5 Be7 10. Bxf6 Bxf6 11. c3 Bg5 12. Bd3 O-O 13. h4 Bh6 14. Qh5 Be6 15. Nc2 Bxd5 16. exd5 Ne7 17. Ne3 Ng6 18. Nf5 Nf4 19. Nxh6+ gxh6 20. Qf5 Nxd3+ 21. Qxd3 f5 22. Kd2 Rb8 23. b3 Qf6 24. Rh3 Kh8 25. c4 b4 26. Rc1 Rg8 27. Rg3 Rxg3 28. fxg3 Rg8 29. c5 Rg4 30. c6 h5 31. c7 Qh6+ 32. Kd1 1-0

[Event "Preferente Aragonesa 2024 - Grupo II"]
[Site "?"]
[Date "2024.03.16"]
[Round "8.59"]
[White "Arpa Pardos, Emilio"]
[Black "Requena Munguira, Jorge"]
[Result "1-0"]
[WhiteElo "1799"]
[BlackElo "1887"]
[PlyCount "79"]
[GameId "2166508140032611"]
[EventDate "2024.01.27"]
[WhiteTeam "Teruel B"]
[BlackTeam "El Olivar B"]

1. e4 c6 2. Nf3 d5 3. Nc3 g6 4. exd5 cxd5 5. Bb5+ Bd7 6. Qe2 Nf6 7. d4 Bc6 8. Bg5 Bg7 9. O-O O-O 10. Rae1 Re8 11. Ne5 a6 12. Bd3 Qb6 13. Nd1 Qxd4 14. Kh1 Nbd7 15. f4 Nc5 16. c3 Qa4 17. b3 Qa3 18. Bb1 Nce4 19. c4 Rad8 20. Nxc6 bxc6 21. cxd5 cxd5 22. Bxe4 Nxe4 23. Ne3 Nc3 24. Qf3 Qxa2 25. f5 Ne4 26. fxg6 f6 27. gxh7+ Kh8 28. Bh4 e6 29. Qh5 Rf8 30. Ng4 Qxb3 31. Ne5 fxe5 32. Bxd8 Rxd8 33. Rf7 Nf2+ 34. Rxf2 e4 35. Rf7 Qc3 36. Ref1 Qe3 37. Rxg7 Kxg7 38. h8=Q+ Rxh8 39. Rf7+ Kg8 40. Qg6# 1-0

[Event "Preferente Aragonesa 2024 - Grupo II"]
[Site "?"]
[Date "2024.03.16"]
[Round "8.60"]
[White "Asensio Asensio, Nicolas"]
[Black "Muro Guerrero, Miguel"]
[Result "1/2-1/2"]
[WhiteElo "2028"]
[BlackElo "2055"]
[PlyCount "101"]
[GameId "2166508140073572"]
[EventDate "2024.01.27"]
[WhiteTeam "Aulazenter"]
[BlackTeam "Dr. Azua"]

1. e4 e5 2. Nf3 Nc6 3. d4 exd4 4. Bc4 Nf6 5. O-O Nxe4 6. Re1 d5 7. Bxd5 Qxd5 8. Nc3 Qd8 9. Rxe4+ Be6 10. Nxd4 Nxd4 11. Rxd4 Qf6 12. Nb5 Rc8 13. Nxa7 Bc5 14. Rf4 Qd8 15. Be3 Qxd1+ 16. Rxd1 Bxa7 17. Bxa7 b6 18. Ra4 Ke7 19. c4 Rhd8 20. Rc1 Rd2 21. b3 Bd7 22. Ra3 Bc6 23. b4 Ra8 24. b5 Bb7 25. c5 Kf6 26. h3 Bd5 27. cxb6 cxb6 28. Rc7 Ke6 29. Ra6 Kd6 30. Rc1 Rxa2 31. Rxa2 Bxa2 32. Bxb6 Bd5 33. Bd4 Rb8 34. b6 g6 35. Be3 Ke6 36. Rc7 h5 37. Bc5 Rb7 38. Rc8 Kd7 39. Rf8 Kc6 40. Be3 Re7 41. h4 Kd7 42. g3 Re8 43. Rxe8 Kxe8 44. Kf1 Kd7 45. Ke2 Ke6 46. Kd3 Bb7 47. Kd4 Kd6 48. Bf4+ Ke6 49. Bc7 Ba8 50. Ke3 Kf5 51. f3 1/2-1/2